| Tag |
First Indicator |
Second Indicator |
Subfields |
| LEADER |
00000cam a2200000Ia 4500 |
| 001 |
in00000032743 |
| 005 |
20151007063207.0 |
| 008 |
791217q19001968enkf 000 j eng d |
| 035 |
|
|
|a (OCoLC)ocm05804453
|
| 035 |
|
|
|a (OCoLC)05804453
|
| 035 |
|
|
|9 AAD6786AM
|
| 040 |
|
|
|a IAR
|c IAR
|d OCL
|d OCLCQ
|d TXA
|d UtOrBLW
|
| 041 |
1 |
|
|a eng
|h fre
|
| 049 |
|
|
|a TXAM
|
| 090 |
|
|
|a PQ2164
|b .A42 1900z
|
| 100 |
1 |
|
|a Balzac, Honoré de,
|d 1799-1850.
|
| 240 |
1 |
0 |
|a Contes drôlatiques.
|l English
|
| 245 |
1 |
0 |
|a Droll stories :
|b collected from the abbeys of Touraine /
|c translated into English with frontispiece by A. Robida.
|
| 264 |
|
3 |
|a London :
|b Privately printed,
|c [between 1900 and 1999?]
|
| 300 |
|
|
|a 348 pages, 1 unnumbered leaf of plates ;
|c 20 cm.
|
| 336 |
|
|
|a text
|b txt
|2 rdacontent
|
| 337 |
|
|
|a unmediated
|b n
|2 rdamedia
|
| 338 |
|
|
|a volume
|b nc
|2 rdacarrier
|
| 500 |
|
|
|a At head of title: Balzac's Contes drolatiques.
|
| 505 |
0 |
|
|a First ten tales: Prologue -- Fair Imperia -- Venial sin: How the goodman Bruyn took a wife -- How the Seneschal struggled with his wife's modesty -- That which is only a venial sin -- How and by whom the said child was procured -- How the said love-sin was repented of and led to great mourning -- King's sweetheart -- Devil's heir -- Merry jests of King Louis the Eleventh -- High constable's wife -- Maid of Thilouse -- Brother-in-arms -- Vicar of Azay-le-Rideau -- Reproach -- Epilogue -- Second ten tales: Prologue -- Three clerks of St. Nicholas -- Continence of King Francis the First -- Merry tattle of the Nuns of Poisy -- How the Chateau d'Azay came to be built -- False courtesan -- Dear night of love -- Succubus: Prologue -- What the Succubus was -- Proceedings taken relative to this female vampire -- What the Succubus did to suck out the soul of the old judge, and what came of the diabolical delectation -- How the Moorish woman of the Rue Chaude twisted about so briskly, that with great difficulty was she burned and cooked alive, to the great loss of the infernal regions -- Despair in love -- Third ten tales: Prologue -- Perseverance in love -- Concerning a Provost who did not recognize things -- Monk Amador, a glorious Abbot of Turpenay -- Bertha the penitent: How Berth remained a maiden in the married state -- How Bertha behaved, knowing the business of love -- Horrible chastisement of Bertha and expiation of the same, who died pardoned -- How the pretty maid of Portillon convinced her judge -- It is demonstrated that fortune is always feminine -- Fair Imperia married: How Madame Imperia was caught in the very net she was accustomed to spread for her love-birds -- How this marriage ended -- Epilogue.
|
| 700 |
1 |
|
|a Robida, Albert,
|d 1848-1926.
|
| 949 |
|
|
|a updated
|b h
|c 2007/3/21
|e spoltoratski
|f 12:07:37 pm
|
| 994 |
|
|
|a C0
|b TXA
|
| 999 |
|
|
|a MARS
|
| 999 |
f |
f |
|s c7a3d944-bfe1-3a35-93fc-fadc8a5ec8e9
|i b62d6de7-9e9a-31bd-8731-4e5c2d79f30b
|t 0
|
| 952 |
f |
f |
|p normal
|a Texas A&M University
|b College Station
|c Sterling C. Evans Library
|d Evans: Library Stacks
|t 0
|e PQ2164 .A42 1900z
|h Library of Congress classification
|i unmediated -- volume
|m A14801367127
|
| 998 |
f |
f |
|a PQ2164 .A42 1900z
|t 0
|l Evans: Library Stacks
|